2nd Place at the Eurovision Song Contest - Statistics

General Stats
  • This quiz has been taken 369 times
  • The average score is 52 of 58
Answer Stats
Hint Answer % Correct
2015 Russia
97%
1959 United Kingdom
97%
1960 United Kingdom
97%
1961 United Kingdom
97%
1964 United Kingdom
97%
1965 United Kingdom
97%
1968 United Kingdom
97%
1972 United Kingdom
97%
1975 United Kingdom
97%
1977 United Kingdom
97%
1988 United Kingdom
97%
1989 United Kingdom
97%
1992 United Kingdom
97%
1993 United Kingdom
97%
1998 United Kingdom
97%
1957 France
95%
1976 France
95%
1990 France
95%
1991 France
95%
1967 Ireland
93%
1984 Ireland
93%
1997 Ireland
93%
1966 Sweden
93%
1999 Iceland
92%
2009 Iceland
92%
1974 Italy
92%
2011 Italy
92%
2000 Russia
92%
2006 Russia
92%
2012 Russia
92%
1971 Spain
91%
1973 Spain
91%
1979 Spain
91%
1995 Spain
91%
1970 Germany
90%
1980 Germany
90%
1981 Germany
90%
1985 Germany
90%
1987 Germany
90%
1996 Norway
90%
1978 Belgium
89%
2003 Belgium
89%
2007 Ukraine
89%
2008 Ukraine
89%
2001 Denmark
88%
1958 Switzerland
88%
1963 Switzerland
88%
1986 Switzerland
88%
2010 Turkey
88%
2002 Malta
86%
2005 Malta
86%
1982 Israel
84%
1983 Israel
84%
1994 Poland
82%
2013 Azerbaijan
81%
1962 Monaco
79%
2004 Serbia and Montenegro
66%
2014 The Netherlands
41%
No matching quizzes found
Score Distribution
Percent of People with Each Score
Percentile by Number Answered
Your Score History
You have not taken this quiz